Countries of the World Quiz by Top-Level-Domain - Statistics

General Stats
  • This quiz has been taken 221 times
  • The average score is 118 of 196
Answers on the Map
Answers color-coded by a green-red scale on the quiz's map according to % correct below.
 
Answer Stats
Country Hint % Correct
ca Canada
93%
us United States
91%
ch Switzerland
90%
de Germany
90%
mx Mexico
90%
es Spain
89%
fr France
89%
ru Russia
89%
it Italy
88%
au Australia
87%
br Brazil
87%
no Norway
87%
ir Iran
86%
be Belgium
85%
fi Finland
85%
ar Argentina
84%
co Colombia
84%
in India
83%
pl Poland
83%
al Albania
82%
jp Japan
82%
pa Panama
82%
sa Saudi Arabia
82%
se Sweden
82%
bo Bolivia
79%
cn China
79%
dk Denmark
79%
pt Portugal
79%
gr Greece
78%
at Austria
76%
ba Bosnia and Herzegovina
76%
cl Chile
76%
cu Cuba
76%
eg Egypt
76%
id Indonesia
76%
is Iceland
76%
nz New Zealand
76%
sk Slovakia
76%
sl Sierra Leone
76%
tr Turkey
76%
ma Morocco
75%
mn Mongolia
75%
so Somalia
75%
cz Czech Republic
74%
et Ethiopia
74%
li Liechtenstein
74%
ml Mali
74%
ua Ukraine
74%
ag Antigua and Barbuda
73%
bg Bulgaria
73%
kz Kazakhstan
73%
ro Romania
73%
sr Suriname
73%
pe Peru
72%
ve Venezuela
72%
il Israel
71%
iq Iraq
71%
mg Madagascar
71%
ne Niger
71%
pk Pakistan
71%
ph Philippines
70%
af Afghanistan
69%
bh Bahrain
69%
cr Costa Rica
69%
ec Ecuador
69%
ie Ireland
69%
md Moldova
69%
nl Netherlands
69%
pg Papua New Guinea
69%
vn Vietnam
69%
ci Ivory Coast
68%
gb United Kingdom
68%
ge Georgia
68%
lt Lithuania
68%
my Malaysia
68%
ni Nicaragua
68%
om Oman
68%
py Paraguay
68%
kr South Korea
67%
la Laos
67%
si Slovenia
67%
sn Senegal
67%
ug Uganda
67%
bs Bahamas
66%
hu Hungary
66%
na Namibia
66%
sy Syria
66%
tn Tunisia
66%
za South Africa
66%
bn Brunei
65%
bt Bhutan
65%
ly Libya
65%
mr Mauritania
65%
th Thailand
65%
uy Uruguay
65%
ye Yemen
65%
cd Democratic Republic of the Congo
64%
do Dominican Republic
63%
ga Gabon
63%
ke Kenya
63%
mc Monaco
63%
me Montenegro
63%
np Nepal
63%
ae United Arab Emirates
62%
az Azerbaijan
62%
cm Cameroon
62%
gy Guyana
62%
jo Jordan
61%
lv Latvia
61%
ng Nigeria
61%
sd Sudan
61%
ss South Sudan
61%
lb Lebanon
60%
lu Luxembourg
60%
sm San Marino
60%
tw Taiwan
60%
bd Bangladesh
59%
ht Haiti
59%
am Armenia
58%
er Eritrea
58%
jm Jamaica
58%
uz Uzbekistan
58%
bz Belize
56%
mt Malta
56%
nr Nauru
56%
kg Kyrgyzstan
54%
tv Tuvalu
54%
hr Croatia
53%
mz Mozambique
53%
st São Tomé and Príncipe
53%
sv El Salvador
53%
va Vatican City
53%
gt Guatemala
52%
ls Lesotho
52%
qa Qatar
52%
tj Tajikistan
52%
tm Turkmenistan
52%
ki Kiribati
51%
to Tonga
51%
bi Burundi
50%
bw Botswana
50%
hn Honduras
50%
tg Togo
50%
zm Zambia
50%
ao Angola
49%
ee Estonia
49%
gh Ghana
49%
bf Burkina Faso
48%
cy Cyprus
48%
dj Djibouti
48%
tz Tanzania
48%
ad Andorra
47%
dm Dominica
47%
kw Kuwait
47%
mm Myanmar
47%
sc Seychelles
47%
cv Cape Verde
46%
fj Fiji
46%
gn Guinea
46%
rs Serbia
46%
mu Mauritius
45%
gm Gambia
44%
mw Malawi
44%
cg Republic of the Congo
42%
rw Rwanda
42%
mv Maldives
41%
sb Solomon Islands
41%
bb Barbados
40%
lr Liberia
40%
tt Trinidad and Tobago
40%
zw Zimbabwe
40%
sz Eswatini
38%
by Belarus
37%
kh Cambodia
36%
mk North Macedonia
36%
lk Sri Lanka
35%
sg Singapore
35%
kn Saint Kitts and Nevis
34%
td Chad
33%
fm Federated States of Micronesia
31%
tl East Timor
31%
vu Vanuatu
29%
mh Marshall Islands
26%
kp North Korea
25%
cf Central African Republic
24%
dz Algeria
23%
gd Grenada
23%
lc Saint Lucia
22%
vc Saint Vincent and the Grenadines
21%
bj Benin
19%
gq Equatorial Guinea
19%
gw Guinea-Bissau
16%
km Comoros
16%
pw Palau
15%
xk Kosovo
14%
ws Samoa
13%
No matching quizzes found
Score Distribution
Percent of People with Each Score
Percentile by Number Answered
Your Score History
You have not taken this quiz